[Event "It (open) \"]
[Site "masterchessopen.com Caleta (England)"]
[Date "2005.01.27"]
[Round "3"]
[White "Avrukh Boris (ISR)"]
[Black "Kotronias Vasilios (GRE)"]
[Result "1-0"]
[WhiteElo "2653"]
[BlackElo "2626"]

{ Avrukh Boris (ISR) +1 =0 -0 } 1.d4 { 1 } 1...Nf6 2.c4 g6 3.Nf3 Bg7 4.g3 O-O
5.Bg2 d6 6.Nc3 Nbd7 7.O-O e5 8.e4 c6 9.Be3 Ng4 10.Bg5 Qb6 11.h3 exd4 12.Na4
Qa6 13.hxg4 b5 { = } 14.c5 ( 14.Be7 Re8 15.Bxd6 bxa4 16.e5 c5 ( 16...Qxc4
17.Nxd4 { } ) 17.Re1 Bb7 18.b4 axb3 19.axb3 Qb6 20.Qd2 a5 21.Qf4 h6 22.g5 h5
23.g4 hxg4 24.Nh2 Bxg2 25.Kxg2 Qc6+ 26.Kg1 Re6 27.Nxg4 Rae8 28.Kf1 Qb7 29.Rad1
Qxb3 30.Nf6+ Bxf6 31.gxf6 { 1-0, Itkis Boris 2384 - Voitsekhovsky Stanislav
2516 , Alushta 2000 It (cat.8) } ) 14...bxa4 ( 14...dxc5 15.Nxc5 Nxc5 16.Be7
Ne6 17.Bxf8 Kxf8 18.e5 Qb6 19.b4 Bb7 20.Qe2 a5 21.a3 Kg8 22.Rab1 Rd8 23.Ne1
Ba6 24.Nd3 c5 25.bxc5 Nxc5 26.Nxc5 Qxc5 27.e6 Qe7 28.exf7+ Kxf7 29.Qd3 Rd6
30.Rfe1 Qd7 31.g5 Bf8 32.Qd2 a4 33.Re4 Be7 34.Rbe1 { ...1-0, Solozhenkin
Evgeniy 2509 - Sepp Olav 2431 , Finland 2002 Ch Finland (team) 2001/02 } )
15.cxd6 c5 ( 15...f6 16.Bf4 c5 17.g5 Bb7 18.gxf6 Nxf6 19.e5 Ng4 20.Re1 Rae8
21.e6 Rxf4 22.d7 Rff8 23.e7 Rxe7 24.Rxe7 Bf6 25.Re8 Qb5 26.Nxd4 Qxb2 27.Ne2
Bxg2 28.Rxf8+ Kxf8 29.d8=Q+ Bxd8 30.Qxd8+ { 1-0, Lopushnoy Denis 2415 -
Smirnov Pavel 2365 , Tomsk 1998 Cup Russia (open) } ) 16.Be7 Re8 { } 17.Qc1 {
N } ( 17.e5 Rb8 18.Re1 h6 ( 18...Rxb2 19.Ng5 Qc4 20.e6 fxe6 21.Qf3 Kh8 22.Qf7
Rg8 23.Rxe6 Rxa2 24.Rf1 Rc2 25.Rxg6 Ne5 26.Bd5 Qxd5 { 1-0, Prokopchuk Evgeny
2508 - Guliev Logman 2383 , Koszalin 2001 Memorial J.Kochan (open) } ) 19.g5
Nf8 20.Qc1 h5 21.Qxc5 Ne6 22.Qc2 Qb5 23.Rad1 Bd7 24.Nxd4 Nxd4 25.Rxd4 Rec8
26.Qe2 Qxb2 27.Rd2 Qc3 28.Bd5 Bg4 29.Qe3 Qxe3 30.Rxe3 Bf8 31.e6 fxe6 32.Rxe6
Kh7 33.Rf6 Bg7 34.Rf7 Kh8 35.Be4 Rc1+ 36.Kg2 Be6 { ...1-0, Fominyh Alexander
2535 - Chuprov Dmitry 2425 , Omsk 1996 Cup Russia (open) } ) 17...Bb7 18.Qf4
Rxe7 { ?! } ( 18...Bf8 { !? } 19.b4 Bxe7 20.dxe7 Rxe7 { } ) 19.dxe7 Re8
20.Rac1 Rxe7 21.Nd2 Bc6 { ?! } ( 21...Qe6 { !? } 22.Nc4 Ba6 23.Qg5 Re8 { } )
22.Rfe1 Be5 23.Qh6 d3 24.Nc4 Bd4 25.e5 Bxg2 26.Kxg2 Bxb2 { ^00 ^00 ^00 ^01 ^00
^05 Nc4b2 ^254 ^00 ^00 ^00 ^128 } 27.Nxb2 { ! } ( 27.Rh1 f5 28.Nxb2 Qb7+
29.Kg1 { } ) 27...Qb7+ 28.Kg1 { ? } ( { ? } 28.Kh3 Qxb2 29.Red1 Qb5 30.Qg5 { }
) 28...Qxb2 29.Rb1 { ?! } ( 29.Red1 { !? } 29...Qe2 { } ) 29...Qc3 { ? } ( { ?
} 29...Qxa2 30.Qg5 Qe6 31.f4 Re8 { } ) 30.e6 fxe6 31.Qe3 Qa3 { ?! } ( 31...e5
{ !? } 32.Rbc1 Qd4 33.Qxd4 cxd4 { } ) 32.Rb7 e5 33.Qe4 Qc3 { ?? } ( { ? }
33...Qxa2 34.Qxd3 Rf7 35.f3 Qe6 { } ) 34.Qd5+ Rf7 35.Rf1 Kf8 36.Rxd7 Rxd7
37.Qxd7 Qc2 38.Qd6+ { } {#r} 1-0

[Event "It (open) \"]
[Site "masterchessopen.com Moscow (Russia)"]
[Date "2005.02.20"]
[Round "6"]
[White "Neverov Valeriy (UKR)"]
[Black "Solak Dragan (SRB)"]
[Result "1-0"]
[WhiteElo "2569"]
[BlackElo "2568"]

{ Neverov Valeriy (UKR) +2 =0 -0 } 1.d4 d6 2.Nf3 g6 3.g3 Bg7 4.Bg2 Nf6 5.O-O
O-O 6.c4 Nbd7 7.Nc3 e5 8.e4 c6 9.Qc2 { = } 9...Qb6 ( 9...Re8 10.Rd1 exd4
11.Nxd4 Qe7 12.b3 Nc5 13.f3 Nfd7 14.Bf4 Ne5 15.Rac1 a5 16.a3 Qf6 17.Be3 a4
18.Nxa4 Nxa4 19.bxa4 Qe7 20.h3 f5 21.Bf2 fxe4 22.Qxe4 Qf7 23.Re1 Bd7 24.Qb1 c5
25.f4 cxd4 26.fxe5 dxe5 27.Qxb7 Rab8 28.Qa7 Rbc8 29.Rf1 { ...0-1, Paulovic
Martin 2220 - Voitsekhovsky Stanislav 2500 , Ceske Budejovice 1995 It (open) }
) ( 9...exd4 10.Nxd4 Re8 11.h3 a5 12.Be3 Nc5 13.Rad1 Nfd7 14.Rfe1 a4 15.f4 Qa5
16.Bf2 Qb4 17.a3 Qa5 18.Nf3 Nb6 19.Nd2 f5 20.Kh2 Be6 21.Ne2 fxe4 22.Nxe4 Nxe4
23.Bxe4 Nxc4 24.Nd4 Bf7 25.f5 Ne5 26.g4 d5 27.Bg2 Nc4 28.Bg3 Ne3 29.Rxe3 {
...0-1, Paci Cedric 2231 - Apicella Manuel 2501 , France 2002 Ch France (team)
2002 } ) 10.Rd1 exd4 ( 10...Re8 11.h3 exd4 12.Nxd4 Nxe4 13.Nxe4 Bxd4 14.Nxd6
Re6 15.Bf4 Nf8 16.Rd2 c5 17.Nb5 Be5 18.Bxe5 Rxe5 19.Qc3 Qf6 20.f4 Rf5 21.Qxf6
Rxf6 22.Rd8 Kg7 23.Nc7 { 1-0, Neverov Valeriy 2549 - Hamed Ahmed 2321 , Cairo
1999 It "Golden Cleopatra" } ) 11.Nxd4 Ne5 ( 11...Re8 12.h3 Nc5 13.Be3 Qc7
14.b4 Ne6 15.Nb3 b6 16.Rac1 Bb7 17.Qd2 Rad8 18.f4 Qe7 19.Bf2 Nc7 20.a3 c5
21.Re1 Qe6 22.Qd3 b5 23.Nd2 bxc4 24.Qxc4 Qxc4 25.Nxc4 Ba6 26.Na5 Ne6 27.Nc6
Rd7 28.bxc5 dxc5 29.e5 Nh5 30.Ne4 Rd3 31.Nd6 { ...1-0, Kasparov Garry 2760 -
Christoffel Martin, Basel 1988 Simultan } ) ( 11...Ne8 12.Be3 Qc7 13.h3 Ne5
14.Nce2 Qe7 15.Rac1 Nc7 16.a3 Ne6 17.Nxe6 Bxe6 18.c5 Rfd8 19.cxd6 Rxd6 20.Rxd6
Qxd6 21.Rd1 Qc7 22.Nd4 Qc8 23.Nxe6 Qxe6 24.b3 Bf8 25.a4 a5 26.f4 Nd7 27.e5 f6
28.Bf1 Kh8 29.Qc4 Qe7 30.Qd4 Rd8 31.exf6 { ...1-0, Vlasov Sergey 2193 -
Danilov Ilie Vladimir 2335 , St. Petersburg 1998 Ch Russia (juniors) (under
14) } ) 12.b3 { N } ( 12.Nce2 Re8 13.h3 a5 14.f4 Ned7 15.Be3 Qa6 16.Bf2 Nc5
17.Nc3 Qxc4 18.a3 Qa6 19.b4 Ne6 20.Bf1 b5 21.Ndxb5 cxb5 22.Nxb5 Nxe4 23.Qxe4
Bb7 24.Nxd6 Qxf1+ 25.Kxf1 Bxe4 26.Nxe4 axb4 27.Ra2 b3 28.Re2 b2 29.Rb1 Reb8
30.Nd2 Rxa3 31.Ke1 Ra1 { ...0-1, Scarella Enrique 2363 - Tsemekhman Vadim 2355
, Buenos Aires 1993 Ch World (juniors) (under 20) } ) 12...Bg4 13.Rd2 c5
14.Ndb5 Rfd8 { ?! } ( 14...Rad8 { !? } 15.Bb2 a6 16.Na4 Qc6 { } ) 15.Bb2 Qc6 {
?? } ( 15...a6 16.Na4 Qc6 17.Nxd6 Nf3+ { } ) 16.f4 Nf3+ 17.Bxf3 Bxf3 18.Nd5
Nxd5 19.exd5 Qe8 20.Bxg7 Qe3+ 21.Kf1 Bg4 22.Bb2 Bh3+ 23.Rg2 Re8 24.Nxd6 { ?! }
( 24.Bf6 { !? } 24...Qf3+ 25.Kg1 Bxg2 26.Qxg2 { } ) 24...Qf3+ { ?! } (
24...Bxg2+ { !? } 25.Kxg2 Qe2+ 26.Qxe2 Rxe2+ { } ) 25.Kg1 Bxg2 26.Nxe8 Rxe8
27.Qxg2 Qxg2+ 28.Kxg2 Re2+ 29.Kf3 Rxb2 30.Re1 Rxa2 31.Re7 b6 32.Ke3 Kf8 33.Rc7
Rb2 { ? } ( 33...Ke8 34.d6 f5 35.Rxh7 Ra3 { } ) 34.d6 Ke8 35.Ke4 b5 36.Kd5
bxc4 37.bxc4 a5 38.Kxc5 a4 39.Kc6 Rb8 40.Ra7 { +7.00 CAP } {#r} 1-0

[Event "Cup Doeberl"]
[Site "masterchessopen.com Canberra (Australia)"]
[Date "2005.03.25"]
[Round "2"]
[White "Jackson R (ISV)"]
[Black "Canfell Gregory (AUS)"]
[Result "0-1"]
[WhiteElo "2188"]
[BlackElo "2354"]

1.d4 Nf6 2.Nf3 g6 3.c4 Bg7 4.Nc3 O-O 5.g3 d6 6.Bg2 Nbd7 7.O-O e5 8.e4 c6 9.d5
Nc5 10.Qc2 cxd5 11.cxd5 a5 12.Nd2 b6 13.Rd1 Ba6 14.Bf1 Bxf1 15.Rxf1 Rc8 16.a4
Qc7 17.Kg2 Ne8 18.Nb5 Qb8 19.Nc4 f5 20.f3 fxe4 21.fxe4 Rxf1 22.Kxf1 Nf6
23.Ncxd6 Rd8 24.Bg5 Rxd6 25.Nxd6 Qxd6 26.Re1 Qd7 27.Bxf6 Bxf6 28.b3 Be7 29.Kg2
Bd6 30.h3 b5 31.Ra1 Qb7 32.Rf1 bxa4 33.bxa4 Qb4 {#R} 0-1

[Event "It (cat.7)"]
[Site "masterchessopen.com Budapest (Hungary)"]
[Date "2005.04.07"]
[Round "6"]
[White "Ilincic Zlatko (SRB)"]
[Black "Karatorossian David (ARM)"]
[Result "1-0"]
[WhiteElo "2540"]
[BlackElo "2373"]

1.d4 Nf6 2.c4 g6 3.g3 Bg7 4.Bg2 O-O 5.Nc3 d6 6.Nf3 Nbd7 7.O-O e5 8.e4 c6 9.b3
Re8 10.h3 exd4 11.Nxd4 Nc5 12.Re1 a5 13.Bf4 Qc7 14.Ndb5 cxb5 15.Bxd6 Qb6 16.e5
b4 17.Bxc5 Qxc5 18.exf6 Rxe1+ 19.Qxe1 Bf8 20.Nd5 Be6 21.Nf4 Re8 22.Rd1 Qg5
23.Qe4 Qxf6 24.Qxb7 Bc5 25.Qb5 Rc8 26.Bb7 Qg5 27.Kg2 Rb8 28.Qxa5 h5 29.Qc7 Rf8
30.Bd5 {#r} 1-0

[Event "Ch Croatia (team) (2nd league)"]
[Site "masterchessopen.com Croatia"]
[Date "2005.04.24"]
[Round "3"]
[White "Jerbic Vedran (CRO)"]
[Black "Cop Tomislav (CRO)"]
[Result "0-1"]
[WhiteElo "2073"]
[BlackElo "2214"]

1.d4 Nf6 2.Nf3 g6 3.g3 Bg7 4.Bg2 O-O 5.O-O d6 6.c4 Nbd7 7.Nc3 e5 8.e4 c6 9.Re1
Qb6 10.h3 Re8 11.c5 dxc5 12.dxe5 Nxe5 13.Nxe5 Rxe5 14.g4 h6 15.f4 Re8 16.e5
Nh7 17.Qc2 g5 18.Be4 Nf8 19.fxg5 hxg5 20.Bxg5 Bxe5 21.Na4 Qc7 22.Nxc5 Ne6
23.Nxe6 Bxe6 24.Qc5 Bxb2 25.Qf2 Bg7 26.Qh4 Bd5 27.Qh7+ Kf8 28.Bh6 Qg3+ 29.Kf1
Qxh3+ 30.Kf2 Qh2+ 31.Kf3 Bxe4+ 32.Rxe4 Qxh6 {#R} 0-1

[Event "Ch Ukraine (1/2 final)"]
[Site "masterchessopen.com Alushta (Ukraine)"]
[Date "2005.05.18"]
[Round "3"]
[White "Matjushin Gennady (UKR)"]
[Black "Hatchatrian Souren (UKR)"]
[Result "1-0"]
[WhiteElo "2425"]
[BlackElo "2266"]

1.g3 Nf6 2.Bg2 g6 3.c4 Bg7 4.Nc3 O-O 5.Nf3 d6 6.O-O e5 7.d4 Nbd7 8.e4 c6 9.Be3
Re8 10.h3 exd4 11.Nxd4 Nc5 12.Qc2 Qe7 13.Rfe1 Ncxe4 14.Nxe4 Nxe4 15.Bxe4 Qxe4
16.Bd2 Qxe1+ 17.Rxe1 Rxe1+ 18.Bxe1 Bxd4 19.Bc3 Bxc3 20.Qxc3 Bxh3 21.Qb4 d5
22.Qxb7 Rd8 23.Qe7 Rd7 24.Qe8+ Kg7 25.cxd5 cxd5 26.Qe5+ Kg8 27.Qd4 h5 28.b4
Be6 29.b5 Rc7 30.a4 Rc4 31.Qxa7 d4 32.Qa8+ Kh7 33.b6 Rc5 34.Qe4 Bd5 35.Qf4 Kg8
36.Qg5 {#r} 1-0

[Event "It \"]
[Site "masterchessopen.com Madrid (Spain)"]
[Date "2005.05.21"]
[Round "1"]
[White "Longa Yauca Javier (PER)"]
[Black "Roa Alonso Santiago (ESP)"]
[Result "0-1"]
[WhiteElo "2324"]
[BlackElo "2364"]

1.d4 Nf6 2.Nf3 g6 3.c4 Bg7 4.Nc3 O-O 5.g3 d6 6.Bg2 Nbd7 7.O-O e5 8.e4 c6 9.b3
exd4 10.Nxd4 Re8 11.Bb2 Nc5 12.Re1 Ng4 13.f3 Ne5 14.Bf1 f5 15.Kg2 f4 16.b4 Ne6
17.Nxe6 Bxe6 18.gxf4 Qh4 19.Nd5 cxd5 20.fxe5 dxc4 21.Kh1 dxe5 22.Qc2 b5
23.Rad1 Rad8 24.Bc3 Qf4 25.Qf2 Bf6 26.Qe2 Bg5 27.a4 bxa4 28.Bg2 Qf6 29.Qa2 Bf4
30.Bf1 Rxd1 31.Rxd1 Be3 32.Be2 Rc8 33.Qxa4 Bd4 34.Qa1 Rd8 35.b5 Bxc3 36.Qxc3
Rxd1+ 37.Bxd1 Qd8 38.Bc2 Qd4 39.Qb4 Qf2 40.Qb1 Bh3 {#R} 0-1

[Event "It (open)"]
[Site "masterchessopen.com Balatonlelle (Hungary)"]
[Date "2005.06.19"]
[Round "2"]
[White "Csala Imre (HUN)"]
[Black "Tatar Kis Szabolcs (HUN)"]
[Result "0-1"]
[WhiteElo "2332"]
[BlackElo "2421"]

1.d4 Nf6 2.c4 g6 3.Nf3 Bg7 4.Nc3 d6 5.g3 O-O 6.Bg2 Nbd7 7.O-O e5 8.e4 c6 9.Rb1
exd4 10.Nxd4 Re8 11.h3 Nc5 12.Re1 a5 13.b3 h6 14.Bb2 Qb6 15.Ba1 Bd7 16.a3 Rad8
17.b4 axb4 18.axb4 Ne6 19.Nde2 Bc8 20.Qc1 Qa6 21.b5 Qa7 22.bxc6 bxc6 23.e5
dxe5 24.Bxc6 Ng5 25.Qe3 Nxh3+ 26.Kg2 Qxe3 27.fxe3 Re6 28.Nd5 Ng5 29.Nec3 Kh7
30.Ba4 Ra6 31.Red1 Bh3+ 32.Kg1 Ng4 33.Rb2 e4 34.Bb5 Ra3 35.Rc2 Bxc3 36.Bxc3
Rxd5 {#R} 0-1

[Event "It (open) \"]
[Site "masterchessopen.com St.Petersburg (Russia)"]
[Date "2005.06.21"]
[Round "4"]
[White "Golovenchits Boris (RUS)"]
[Black "Gritsenko Andrey (RUS)"]
[Result "0-1"]
[WhiteElo "2087"]
[BlackElo "2346"]

1.d4 Nf6 2.Nf3 g6 3.g3 Bg7 4.Bg2 O-O 5.O-O d6 6.c4 Nbd7 7.Nc3 e5 8.e4 c6 9.b3
Re8 10.h3 exd4 11.Nxd4 Nc5 12.Re1 a5 13.Bf4 Nh5 14.Be3 Qe7 15.Qc2 Bd7 16.Rab1
Rad8 17.a3 Bc8 18.b4 axb4 19.axb4 Ne6 20.Nce2 Ng5 21.g4 Nxh3+ 22.Bxh3 Qh4
23.Kg2 Bxg4 24.Rh1 Rxe4 25.Ng3 Rxe3 26.Bxg4 Rxg3+ {#R} 0-1

[Event "It \"]
[Site "masterchessopen.com Copenhagen (Denmark)"]
[Date "2005.07.24"]
[Round "10"]
[White "Jorgensen Dennis (DEN)"]
[Black "Johansen Johnny Holler (DEN)"]
[Result "1-0"]
[WhiteElo "2159"]
[BlackElo "1986"]

1.d4 Nf6 2.Nf3 g6 3.g3 Bg7 4.Bg2 d6 5.O-O O-O 6.c4 Nbd7 7.Nc3 e5 8.e4 exd4
9.Nxd4 a5 10.h3 Nc5 11.Re1 Re8 12.Ndb5 Bd7 13.Bg5 Ne6 14.Be3 Bc6 15.Qc2 Nd7
16.Rad1 Ndc5 17.f4 Qe7 18.Bf2 Rad8 19.Nd5 Qf8 20.Nbxc7 Nxc7 21.Nxc7 Re7 22.Nd5
Ree8 23.b3 Bd7 24.Qd2 f5 25.Bxc5 dxc5 26.e5 Be6 27.Qxa5 Ra8 28.Qb6 Rxa2 29.Nc7
Rd8 30.Qxe6+ {#r} 1-0

[Event "Cup Itau (open)"]
[Site "masterchessopen.com Sao Paulo (Brazil)"]
[Date "2005.10.04"]
[Round "3"]
[White "Marques Vinicius (BRA)"]
[Black "Felgaer Ruben (ARG)"]
[Result "1-0"]
[WhiteElo "2360"]
[BlackElo "2636"]

1.Nf3 d6 2.d4 Nf6 3.c4 g6 4.Nc3 Bg7 5.g3 O-O 6.Bg2 Nbd7 7.O-O e5 8.e4 c6 9.b3
exd4 10.Nxd4 Nc5 11.h3 Re8 12.Re1 a5 13.Bf4 Nh5 14.Be3 Qb6 15.Qc2 Bd7 16.Rad1
a4 17.bxa4 Qa6 18.Nb3 Nxa4 19.Nxa4 Qxa4 20.c5 Nf6 21.cxd6 Nxe4 22.Bd4 Nf6
23.Qc3 Qxa2 24.Ra1 Nd5 25.Rxe8+ Rxe8 26.Bxd5 {#r} 1-0

[Event "Ch Russia (students)"]
[Site "masterchessopen.com Nizhnij Tagil (Russia)"]
[Date "2005.10.06"]
[Round "3"]
[White "Bocharov Dmitry (RUS)"]
[Black "Gorbunov Sergey (RUS)"]
[Result "1-0"]
[WhiteElo "2592"]
[BlackElo "2304"]

1.d4 Nf6 2.c4 g6 3.Nf3 Bg7 4.g3 O-O 5.Bg2 d6 6.O-O Nbd7 7.Nc3 e5 8.e4 c6 9.Be3
Ng4 10.Bg5 f6 11.Bc1 f5 12.d5 Nc5 13.Qe2 fxe4 14.Nd2 Nd3 15.Ndxe4 Nxc1
16.Raxc1 Qe7 17.Rfd1 c5 18.b4 b6 19.bxc5 bxc5 20.h3 Nh6 21.Nxc5 Bxh3 22.Bxh3
dxc5 23.d6 Qf7 24.Ne4 Nf5 25.Nxc5 Kh8 26.Bxf5 gxf5 27.Rd5 Rad8 28.Rcd1 f4
29.d7 Qg6 30.Rd6 Rf6 31.Rxf6 Qxf6 32.Nb7 {#r} 1-0

[Event "Memorial M.Chigorin (open)"]
[Site "masterchessopen.com St.Petersburg (Russia)"]
[Date "2005.10.15"]
[Round "1"]
[White "Kornev Alexei (RUS)"]
[Black "Ajrapetian Gevorg (RUS)"]
[Result "1-0"]
[WhiteElo "2578"]
[BlackElo "2280"]

1.d4 Nf6 2.c4 g6 3.Nc3 Bg7 4.Nf3 d6 5.g3 O-O 6.Bg2 Nbd7 7.O-O e5 8.e4 c6 9.Be3
Ng4 10.Bg5 Qb6 11.h3 exd4 12.Na4 Qa6 13.hxg4 b5 14.c5 bxa4 15.cxd6 c5 16.Be7
Re8 17.e5 Rb8 18.Re1 Rxb2 19.Qc1 a3 20.Qf4 h6 21.g5 h5 22.Nxd4 Bb7 23.Nf3 Rb4
24.Qe3 Bd5 25.Bh3 Qb7 26.e6 fxe6 27.Bxe6+ Kh7 28.Bxd5 Qxd5 29.Rad1 Qxa2 30.Rd3
Bb2 31.Kg2 Qf7 32.Rdd1 a2 33.Rh1 Reb8 34.Bf6 Nxf6 35.gxf6 Bxf6 36.Qd3 a1=Q
37.Rxa1 Bxa1 38.Ng5+ Kg7 39.Nxf7 {#r} 1-0

[Event "It (open)"]
[Site "masterchessopen.com Piestany (Slovakia)"]
[Date "2005.11.19"]
[Round "6"]
[White "Mlynek Petr (CZE)"]
[Black "Pagerka Martin (SVK)"]
[Result "1-0"]
[WhiteElo "2270"]
[BlackElo "1858"]

1.d4 d6 2.Nf3 Nf6 3.c4 g6 4.g3 Bg7 5.Bg2 O-O 6.O-O Nbd7 7.Nc3 e5 8.e4 exd4
9.Nxd4 Nc5 10.h3 Re8 11.Re1 a5 12.Ndb5 Rb8 13.Bf4 Ncd7 14.c5 Nxc5 15.Nxc7 Ne6
16.Nxe8 Qxe8 17.Bxd6 Ra8 18.e5 Nh5 19.Nd5 Qb5 20.Qb3 Qxb3 21.axb3 Nd4 22.Ra4
Nf5 23.Nb6 {#r} 1-0

[Event "Oberliga East B 2005/06"]
[Site "masterchessopen.com Germany"]
[Date "2005.11.27"]
[Round "3"]
[White "Schlein Julia (GER)"]
[Black "Huss Rolf (GER)"]
[Result "1-0"]
[WhiteElo "2091"]
[BlackElo "2122"]

1.d4 Nf6 2.Nf3 g6 3.g3 Bg7 4.Bg2 O-O 5.O-O d6 6.c4 Nbd7 7.Nc3 e5 8.e4 c6 9.Qc2
Re8 10.Rd1 Qe7 11.d5 c5 12.Rb1 Nh5 13.a3 Rf8 14.Bh3 f5 15.Ng5 Nb6 16.Qe2 h6
17.Ne6 f4 18.b4 fxg3 19.hxg3 Nf4 20.gxf4 exf4 21.Qg4 Rf6 22.bxc5 Nxc4 23.Bxf4
Bxe6 24.dxe6 Rxf4 25.Qxf4 {#r} 1-0

[Event "Oberliga Southwest 2005/06"]
[Site "masterchessopen.com Germany"]
[Date "2005.11.27"]
[Round "3"]
[White "Paci Cedric (FRA)"]
[Black "Seger Jan (GER)"]
[Result "1-0"]
[WhiteElo "2249"]
[BlackElo "2199"]

1.Nf3 Nf6 2.c4 g6 3.g3 Bg7 4.Bg2 O-O 5.O-O d6 6.d4 Nbd7 7.Nc3 e5 8.e4 c6 9.Qc2
Ng4 10.Rd1 exd4 11.Nxd4 Qb6 12.Na4 Qa5 13.h3 Bxd4 14.Rxd4 Qe1+ 15.Bf1 Nde5
16.Qe2 Qa5 17.Nc3 Qc5 18.Rd1 Be6 19.hxg4 Bxg4 20.Qe3 Nf3+ 21.Kg2 Qh5 22.Qh6
Nh4+ 23.gxh4 Bxd1 24.Qxh5 Bxh5 25.Bf4 Rfe8 26.Bxd6 Rad8 27.e5 f6 28.Ne4 Re6
29.c5 {#r} 1-0

[Event "Ch Europe (active)"]
[Site "masterchessopen.com Warsaw (Poland)"]
[Date "2005.12.17"]
[Round "8"]
[White "Sarakauskas Gediminas (LTU)"]
[Black "Leks Hanna (POL)"]
[Result "0-1"]
[WhiteElo "2437"]
[BlackElo "2209"]

1.Nf3 d6 2.d4 Nf6 3.c4 Nbd7 4.Nc3 e5 5.e4 g6 6.g3 Bg7 7.Bg2 O-O 8.O-O c6 9.Rb1
a5 10.h3 Qe7 11.Be3 h6 12.Qd2 Kh7 13.Rfd1 Ne8 14.Na4 f5 15.dxe5 dxe5 16.exf5
gxf5 17.Nb6 Nxb6 18.Bxb6 a4 19.Qd8 Qe6 20.Rbc1 Nf6 21.Qd2 Ne4 22.Qc2 c5 23.Bd8
Bd7 24.Bh4 Bc6 25.Nd2 Nxd2 26.Qxd2 Bxg2 27.Kxg2 e4 28.Qd7 Qf7 29.Be7 Bd4
30.Qd6 Rfe8 31.Bh4 Re6 32.Qd5 f4 33.gxf4 Rg8+ 34.Bg3 Qxf4 35.Qxe6 Qxf2+ 36.Kh1
Qf3+ {#R} 0-1

[Event "It (open)"]
[Site "masterchessopen.com Litomysl (Czech Republic)"]
[Date "2005.12.26"]
[Round "1"]
[White "Cernousek Lukas (CZE)"]
[Black "Reitingerova Iveta (CZE)"]
[Result "1-0"]
[WhiteElo "2379"]
[BlackElo "2008"]

1.d4 Nf6 2.c4 g6 3.Nc3 Bg7 4.g3 d6 5.Bg2 O-O 6.Nf3 Nbd7 7.O-O e5 8.e4 exd4
9.Nxd4 Nc5 10.h3 Re8 11.Re1 a5 12.Ndb5 Bd7 13.Bf4 Nh5 14.Be3 Ne6 15.Qc2 Be5
16.Rad1 Rc8 17.Ne2 g5 18.b3 Qf6 19.Rf1 Kh8 20.Nbd4 Nxd4 21.Nxd4 g4 22.hxg4
Bxg4 23.f3 Nxg3 24.fxg4 Nxf1 25.Rxf1 Qh4 26.Nf3 Qxg4 27.Nxe5 dxe5 28.Rxf7 Rg8
29.Qf2 Rcd8 30.Qf6+ {#r} 1-0

[Event "Ch Hungary (team) 2005/06"]
[Site "masterchessopen.com Hungary"]
[Date "2006.01.22"]
[Round "6"]
[White "Stohl Igor (SVK)"]
[Black "Tatar Kis Szabolcs (HUN)"]
[Result "1-0"]
[WhiteElo "2551"]
[BlackElo "2380"]

1.d4 Nf6 2.c4 g6 3.g3 Bg7 4.Bg2 O-O 5.Nc3 d6 6.Nf3 Nbd7 7.O-O e5 8.e4 c6 9.b3
Qb6 10.d5 cxd5 11.Nxd5 Nxd5 12.Qxd5 Nc5 13.Be3 Be6 14.Qd1 Qc6 15.Nd2 b5
16.cxb5 Qxb5 17.Rc1 Rfd8 18.Nb1 a5 19.Nc3 Qb4 20.Nd5 Bxd5 21.Qxd5 a4 22.Rc4
Qa3 23.b4 Ne6 24.Qd2 Rac8 25.Qc1 Qxc1 26.Rfxc1 Rxc4 27.Rxc4 Nd4 28.Bf1 f5
29.Bxd4 exd4 30.exf5 gxf5 31.b5 a3 32.Ra4 Rc8 33.Rxa3 Rc3 34.b6 {#r} 1-0

[Event "Ch Estonia"]
[Site "masterchessopen.com Tallinn (Estonia)"]
[Date "2006.03.07"]
[Round "4"]
[White "Volodin Aleksandr (EST)"]
[Black "Sepp Olav (EST)"]
[Result "0-1"]
[WhiteElo "2339"]
[BlackElo "2471"]

1.d4 Nf6 2.c4 g6 3.Nf3 Bg7 4.g3 O-O 5.Bg2 d6 6.O-O Nbd7 7.Nc3 e5 8.e4 c6 9.Re1
exd4 10.Nxd4 Ng4 11.Qxg4 Bxd4 12.Qe2 Ne5 13.Bh6 Ng4 14.Be3 Nxe3 15.fxe3 Be5
16.Rad1 Qg5 17.Qd2 h5 18.Ne2 h4 19.Nd4 hxg3 20.Nf3 gxh2+ 21.Kh1 Qh5 22.Nxe5
dxe5 23.Qf2 Bg4 24.Rd6 Rad8 25.c5 Rxd6 26.cxd6 Rd8 27.Qf6 Rd7 28.Rf1 Be6
29.Bf3 Qh8 30.Qg5 Rxd6 31.Rf2 Qg7 32.Rxh2 f6 33.Qg1 g5 {#R} 0-1

[Event "It (cat.4)"]
[Site "masterchessopen.com Grenoble (France)"]
[Date "2006.06.25"]
[Round "4"]
[White "Foisor Ovidiu Doru (ROM)"]
[Black "Aguettaz Maxime (FRA)"]
[Result "1-0"]
[WhiteElo "2422"]
[BlackElo "2300"]

1.d4 Nf6 2.c4 g6 3.Nf3 Bg7 4.g3 O-O 5.Bg2 d6 6.O-O Nbd7 7.Nc3 e5 8.e4 c6 9.b3
exd4 10.Nxd4 Re8 11.h3 Nc5 12.Re1 a5 13.Rb1 d5 14.exd5 Rxe1+ 15.Qxe1 Nxd5
16.cxd5 Bxd4 17.Be3 Bxe3 18.Qxe3 Qf8 19.dxc6 bxc6 20.Bxc6 Bxh3 21.Bxa8 Qxa8
22.f3 Ne6 23.Kh2 Bf5 24.Rd1 h5 25.Nd5 h4 26.g4 Qb8+ 27.f4 Bxg4 28.Nf6+ Kg7
29.Nxg4 Nxf4 30.Qd4+ Kh7 31.Qd6 Qxd6 32.Rxd6 f5 33.Ne3 Ne2 34.Ra6 f4 35.Ng4 g5
36.Rxa5 Kg6 37.Ne5+ {#r} 1-0

[Event "It (open)"]
[Site "masterchessopen.com Banska Stiavnica (Slovakia)"]
[Date "2006.07.11"]
[Round "4"]
[White "Lipka Juraj (SVK)"]
[Black "Jasny Stanislav (CZE)"]
[Result "1-0"]
[WhiteElo "2418"]
[BlackElo "1858"]

1.Nf3 Nf6 2.c4 g6 3.g3 Bg7 4.Bg2 O-O 5.O-O d6 6.d4 Nbd7 7.Nc3 e5 8.e4 exd4
9.Nxd4 Nc5 10.h3 Re8 11.Re1 a5 12.Ndb5 Nfd7 13.Bg5 Qxg5 14.Nxc7 Ne5 15.Nxe8
Bxh3 16.Nxg7 Bxg2 17.Kxg2 Ncd3 18.Nd5 Nxe1+ 19.Qxe1 Qh6 20.Ne8 Rxe8 21.Nf6+
Kf8 22.Nxe8 Kxe8 23.Qxa5 Qh5 24.Qc3 g5 25.b3 Qg6 26.Qe3 h5 27.Rc1 h4 28.c5 h3+
29.Kxh3 dxc5 30.Kg2 b6 31.b4 c4 32.a4 Kf8 33.a5 f5 34.Qxb6 Nc6 35.Rxc4 f4
36.Qxc6 {#r} 1-0

[Event "It (open) \"]
[Site "masterchessopen.com Berlin (Germany)"]
[Date "2006.08.19"]
[Round "1"]
[White "Weigelt Thomas (GER)"]
[Black "Jaeger Andre (GER)"]
[Result "0-1"]
[WhiteElo "1908"]
[BlackElo "2103"]

1.d4 Nf6 2.Nf3 g6 3.g3 Bg7 4.Bg2 O-O 5.c4 d6 6.Nc3 Nbd7 7.e4 e5 8.O-O c6 9.d5
Nc5 10.Nd2 Nd3 11.Qc2 Nxc1 12.Raxc1 Bh6 13.h3 Nh5 14.Ne2 f5 15.Rcd1 c5 16.Kh2
Bd7 17.a4 Bxd2 18.Rxd2 f4 19.Bf3 fxg3+ 20.fxg3 Qg5 21.Rd3 Qh6 22.Bg2 Rxf1
23.Bxf1 Nf6 24.Nc3 Rf8 25.Qd2 Ng4+ 26.Kg1 Qxd2 27.Rxd2 Ne3 28.Rf2 Rxf2 29.Kxf2
Nxf1 30.Kxf1 Bxh3+ 31.Kf2 Bd7 32.a5 h5 33.Nd1 Kg7 34.Ne3 Kf6 35.Nc2 Kg5 36.b4
Ba4 37.bxc5 Bxc2 38.c6 bxc6 {#R} 0-1

[Event "It (open)"]
[Site "masterchessopen.com Kuala Lumpur (Malaysia)"]
[Date "2006.08.21"]
[Round "2"]
[White "Chong Chor Yuen (HKG)"]
[Black "Wynn Zaw Htun (MYA)"]
[Result "0-1"]
[WhiteElo "2100"]
[BlackElo "2566"]

1.d4 Nf6 2.c4 g6 3.Nf3 Bg7 4.g3 d6 5.Bg2 O-O 6.Nc3 Nbd7 7.O-O e5 8.e4 c6 9.Rb1
Re8 10.h3 Qb6 11.Be3 Qb4 12.Nd2 Qa5 13.dxe5 dxe5 14.Qc2 Bf8 15.a3 Qc7 16.Rfd1
Nc5 17.b4 Ne6 18.Ne2 b6 19.Nb3 Ba6 20.Qc3 c5 21.Rbc1 Nd4 22.Bxd4 exd4 23.Qd3
Bb7 24.bxc5 bxc5 25.Nd2 Bh6 26.f4 Nd7 27.e5 Bxg2 28.Kxg2 f6 29.Qf3 fxe5
30.Qd5+ Kh8 31.Ne4 exf4 32.Nxf4 Bxf4 33.gxf4 Qxf4 34.Re1 Nb6 35.Qb7 Rab8
36.Qc6 Rbc8 37.Qb7 Rc7 38.Rf1 Qxe4+ 39.Qxe4 Rxe4 {#R} 0-1